| 000 | 00623nam a2200241Ia 4500 | ||
|---|---|---|---|
| 003 | OSt | ||
| 005 | 20221007070348.0 | ||
| 006 | a|||||r|||| 00| 0 | ||
| 007 | ta | ||
| 008 | 221006b |||||||| |||| 00| 0 eng d | ||
| 024 | _a43,374 | ||
| 037 | _cTextual | ||
| 040 |
_aFLL _cFLL _beng |
||
| 041 |
_2eng _aeng |
||
| 082 | _aV2:248N78, Q6 | ||
| 100 |
_aMahmood T _9682712 |
||
| 245 | 0 | _aMinorities commission 1978-2015 | |
| 250 | _a2nd | ||
| 260 |
_aGurgaon _bLexisNexis Delhi _c2016 |
||
| 300 |
_axiii,390p _ccm. |
||
| 942 |
_hV2:248N78, Q6 _cTEXL _2CC |
||
| 999 |
_c1140249 _d1140249 |
||